[Event "ST-2017-0-00127"]
[Site "LSS email"]
[Date "2017.02.06"]
[Round "?"]
[White "Boccia, Mattia Mario"]
[Black "Wurschner, Miroslav"]
[Result "1/2-1/2"]
[WhiteElo "2422"]
[BlackElo "2495"]
[PlyCount "57"]
[EventDate "2015.05.20"]
[EventType "tourn (corr)"]
[EventRounds "6"]
[EventCountry "GER"]
[SourceTitle "Corr 2022"]
[Source "ChessBase"]
[SourceDate "2021.10.24"]
[SourceVersion "1"]
[SourceVersionDate "2021.10.24"]
[SourceQuality "1"]

1. e4 c5 2. Nf3 d6 3. d4 cxd4 4. Nxd4 Nf6 5. Nc3 a6 6. g3 e6 7. Bg2 Be7 8. 0-0 Qc7 9. Be3 0-0 10. a4 Nc6 11. Nxc6 bxc6 12. a5 Nd7 13. Na4 Rb8 14. Bb6 Nxb6 15. axb6 Qd7 16. Qd2 c5 17. e5 dxe5 18. Qe3 Bb7 19. Rfd1 Qc8 20. Bxb7 Qxb7 21. Qxe5 Rfc8 22. Qe2 Qc6 23. b3 Bd8 24. Qxa6 Bxb6 25. Nxb6 Rxb6 26. Qa4 Rb5 27. Rd3 g6 28. Rad1 c4 29. Rd8+ 1/2-1/2

[Event "ST-2015-0-00123"]
[Site "LSS email"]
[Date "2015.05.21"]
[Round "?"]
[White "Offenborn, Heinz"]
[Black "Wurschner, Miroslav"]
[Result "1/2-1/2"]
[WhiteElo "2475"]
[BlackElo "2502"]
[PlyCount "67"]
[EventDate "2014.09.02"]
[EventType "tourn (corr)"]
[EventRounds "6"]
[EventCountry "GER"]
[SourceTitle "Corr 2022"]
[Source "ChessBase"]
[SourceDate "2021.10.24"]
[SourceVersion "1"]
[SourceVersionDate "2021.10.24"]
[SourceQuality "1"]

1. e4 c5 2. Nf3 d6 3. d4 cxd4 4. Nxd4 Nf6 5. Nc3 a6 6. Bg5 e6 7. f4 Qb6 8. Qd2 Qxb2 9. Rb1 Qa3 10. f5 Nc6 11. fxe6 fxe6 12. Nxc6 bxc6 13. Be2 Be7 14. 0-0 0-0 15. Rb3 Qc5+ 16. Be3 Qe5 17. Bf4 Qc5+ 18. Be3 Qe5 19. Bf4 Qc5+ 20. Kh1 Ng4 21. h3 e5 22. Na4 Qa7 23. Bc4+ Kh8 24. hxg4 exf4 25. Nb6 d5 26. exd5 cxd5 27. Bxd5 Rb8 28. Nxc8 Rbxc8 29. Rh3 Qb6 30. Re1 Rce8 31. Qe2 h6 32. Rh5 Qg6 33. Be4 Qe6 34. Bd3 1/2-1/2

[Event "BI-2015-P-0000"]
[Site "LSS email"]
[Date "2015.04.16"]
[Round "?"]
[White "Gazen, Louis"]
[Black "Wurschner, Miroslav"]
[Result "0-1"]
[WhiteElo "1897"]
[BlackElo "2495"]
[PlyCount "110"]
[EventDate "2015.04.22"]
[EventType "tourn (corr)"]
[EventRounds "10"]
[EventCountry "GER"]
[SourceTitle "Corr 2022"]
[Source "ChessBase"]
[SourceDate "2021.10.24"]
[SourceVersion "1"]
[SourceVersionDate "2021.10.24"]
[SourceQuality "1"]

1. e4 c5 2. Nf3 d6 3. Bb5+ Bd7 4. Bxd7+ Qxd7 5. 0-0 Nc6 6. c3 Nf6 7. d4 Nxe4 8. d5 Ne5 9. Nxe5 dxe5 10. Re1 f5 11. Nd2 Nxd2 12. Bxd2 Qxd5 13. c4 Qd6 14. Qa4+ Kf7 15. Bc3 e4 16. Rad1 Qc6 17. Qxc6 bxc6 18. Rd2 e6 19. Rd7+ Be7 20. f3 Rhd8 21. Rc7 Rac8 22. Rb7 exf3 23. gxf3 Rd6 24. Rxa7 Rcd8 25. Kg2 R8d7 26. Rxd7 Rxd7 27. Ra1 Bf6 28. a4 Bxc3 29. bxc3 Kf6 30. h4 g5 31. hxg5+ Kxg5 32. Kg3 Rd3 33. a5 h5 34. a6 h4+ 35. Kf2 Rd8 36. a7 Ra8 37. Ke3 h3 38. Rg1+ Kf6 39. Rh1 Rxa7 40. Rxh3 Ra3 41. Rh6+ Kg5 42. Rxe6 Rxc3+ 43. Ke2 Rxc4 44. Rxc6 Kf4 45. Kd3 Rc1 46. Kd2 Rf1 47. Ke2 Rxf3 48. Rxc5 Kg3 49. Rc6 Rf2+ 50. Kd1 f4 51. Ke1 Ra2 52. Rg6+ Kf3 53. Rb6 Ra1+ 54. Kd2 Kf2 55. Re6 f3 0-1

[Event "BI-2015-P-0000"]
[Site "LSS email"]
[Date "2015.04.16"]
[Round "?"]
[White "Grabowski, Benedykt"]
[Black "Wurschner, Miroslav"]
[Result "0-1"]
[WhiteElo "1891"]
[BlackElo "2495"]
[PlyCount "140"]
[EventDate "2015.04.22"]
[EventType "tourn (corr)"]
[EventRounds "10"]
[EventCountry "GER"]
[SourceTitle "Corr 2022"]
[Source "ChessBase"]
[SourceDate "2021.10.24"]
[SourceVersion "1"]
[SourceVersionDate "2021.10.24"]
[SourceQuality "1"]

1. d4 Nf6 2. c4 e6 3. Nf3 d5 4. Nc3 c6 5. Bg5 Nbd7 6. cxd5 exd5 7. e3 h6 8. Bh4 g5 9. Bg3 Nh5 10. Bd3 Nxg3 11. hxg3 Bg7 12. Qc2 Nb6 13. 0-0-0 Be6 14. Bf5 Qf6 15. Bxe6 Qxe6 16. e4 0-0-0 17. Rhe1 dxe4 18. Rxe4 Qd6 19. Rde1 Kb8 20. Kb1 Nd5 21. Qb3 Qg6 22. Ka1 Qf5 23. g4 Qc8 24. g3 Rhf8 25. Na4 Nc7 26. Nc5 Rd5 27. Rc1 Ka8 28. Nd3 Rfd8 29. Nb4 R5d7 30. a3 Nb5 31. Nc2 a6 32. Qb4 Qc7 33. Kb1 a5 34. Qa4 f5 35. gxf5 Nd6 36. Re3 Nxf5 37. Re4 Kb8 38. Rce1 Qb6 39. Ne5 Rd5 40. Nc4 Qc7 41. N4e3 Nxe3 42. R1xe3 h5 43. Re7 R8d7 44. Re8+ Ka7 45. R3e4 Qb6 46. Rg8 Bxd4 47. Nxd4 Rxd4 48. Ree8 Qxb2+ 49. Kxb2 Rxa4 50. Rxg5 Rd2+ 51. Kb3 b5 52. Rg7+ Kb6 53. Rb8+ Kc5 54. Rg5+ Rd5 55. Rxd5+ Kxd5 56. Rh8 c5 57. Rxh5+ Kd4 58. Kc2 b4 59. Rh4+ Kd5 60. Rh5+ Kc6 61. Rh6+ Kb5 62. axb4 axb4 63. Kb2 Ra3 64. Rf6 c4 65. g4 c3+ 66. Kc2 Ra2+ 67. Kd3 Rd2+ 68. Ke3 Rd1 69. Rf5+ Kc4 70. Rf8 c2 0-1

[Event "BI-2015-P-0000"]
[Site "LSS email"]
[Date "2015.04.16"]
[Round "?"]
[White "Wurschner, Miroslav"]
[Black "Perez Garcia, Miguel"]
[Result "1-0"]
[WhiteElo "2495"]
[BlackElo "1168"]
[PlyCount "39"]
[EventDate "2015.04.22"]
[EventType "tourn (corr)"]
[EventRounds "10"]
[EventCountry "GER"]
[SourceTitle "Corr 2022"]
[Source "ChessBase"]
[SourceDate "2021.10.24"]
[SourceVersion "1"]
[SourceVersionDate "2021.10.24"]
[SourceQuality "1"]

1. e4 e5 2. Nf3 Nf6 3. Nxe5 d6 4. Nf3 Nxe4 5. d4 d5 6. Bd3 Be7 7. 0-0 Nc6 8. Re1 Bg4 9. c4 Nf6 10. Be3 Nb4 11. Be2 dxc4 12. Ne5 Bxe2 13. Rxe2 0-0 14. Na3 Nbd5 15. Naxc4 Nxe3 16. Nxe3 Re8 17. Qb3 Qxd4 18. Qxf7+ Kh8 19. Nf5 Bf8 20. Nxd4 1-0

[Event "ST-2015-0-00123"]
[Site "LSS email"]
[Date "2015.03.26"]
[Round "?"]
[White "Wurschner, Miroslav"]
[Black "Lotz, Bernhard"]
[Result "1-0"]
[WhiteElo "2502"]
[BlackElo "2523"]
[PlyCount "105"]
[EventDate "2014.09.02"]
[EventType "tourn (corr)"]
[EventRounds "6"]
[EventCountry "GER"]
[SourceTitle "Corr 2022"]
[Source "ChessBase"]
[SourceDate "2021.10.24"]
[SourceVersion "1"]
[SourceVersionDate "2021.10.24"]
[SourceQuality "1"]

1. e4 e6 2. d4 d5 3. Nc3 Nf6 4. Bg5 dxe4 5. Nxe4 Be7 6. Bxf6 Bxf6 7. Nf3 0-0 8. Qd2 Nd7 9. 0-0-0 b6 10. Bc4 Bb7 11. Rhe1 Bd5 12. Bd3 c5 13. c4 Bb7 14. d5 exd5 15. cxd5 c4 16. Bc2 Rc8 17. Nfg5 h6 18. Nh7 Re8 19. Nd6 Rxe1 20. Rxe1 Bxb2+ 21. Kb1 Be5 22. Nxc8 Qxc8 23. f4 Bd6 24. Qe3 Qc7 25. Qd4 Qd8 26. Qe4 g6 27. Qe8+ Qxe8 28. Rxe8+ Kxh7 29. Rd8 Nf6 30. Rxd6 Kg7 31. g3 Bxd5 32. Rd8 b5 33. Kb2 Be6 34. Bd1 b4 35. Ra8 c3+ 36. Ka1 Nd5 37. Rxa7 Ne3 38. Ba4 h5 39. Rb7 c2 40. Rc7 Bc4 41. Kb2 c1Q+ 42. Kxc1 Bxa2 43. Rb7 h4 44. gxh4 Nd5 45. f5 gxf5 46. Kd2 Kg6 47. Bc2 Bc4 48. h5+ Kxh5 49. Bxf5 Nf6 50. Rxb4 Bd5 51. Bc2 Ba8 52. Rf4 Kg5 53. Rf5+ 1-0

[Event "ST-2014-0-00119"]
[Site "LSS email"]
[Date "2014.07.13"]
[Round "?"]
[White "Minte, Dieter"]
[Black "Wurschner, Miroslav"]
[Result "0-1"]
[WhiteElo "2261"]
[BlackElo "2378"]
[PlyCount "36"]
[EventDate "2014.03.29"]
[EventType "tourn (corr)"]
[EventRounds "6"]
[EventCountry "GER"]
[SourceTitle "Corr 2015"]
[Source "ChessBase"]
[SourceDate "2015.07.17"]
[SourceVersion "1"]
[SourceVersionDate "2015.07.17"]
[SourceQuality "1"]

1. d4 Nf6 2. c4 e6 3. g3 d5 4. Nf3 dxc4 5. Bg2 Bb4+ 6. Bd2 a5 7. a3 Bd6 8. Bg5 h6 9. Bxf6 Qxf6 10. 0-0 e5 11. Nbd2 exd4 12. Ne4 Qe7 13. Qxd4 0-0 14. Qxc4 Be6 15. Qc3 Rd8 16. Nxd6 Qxd6 17. Ne5 Qb6 18. Nd3 Nd7 0-1

[Event "ST-2012-0-00101"]
[Site "LSS email"]
[Date "2012.09.01"]
[Round "?"]
[White "Rosso, Pier Andrea"]
[Black "Wurschner, Miroslav"]
[Result "1/2-1/2"]
[WhiteElo "2329"]
[BlackElo "2388"]
[PlyCount "49"]
[EventDate "2012.06.18"]
[EventType "tourn (corr)"]
[EventRounds "6"]
[EventCountry "GER"]
[SourceTitle "Telechess CBM 163"]
[Source "ChessBase"]
[SourceDate "2014.11.11"]
[SourceVersion "2"]
[SourceVersionDate "2014.11.11"]
[SourceQuality "1"]

1. e4 c5 2. Nf3 d6 3. Bb5+ Bd7 4. Bxd7+ Qxd7 5. c4 Nf6 6. Nc3 Nc6 7. 0-0 g6 8. d4 cxd4 9. Nxd4 Bg7 10. Nde2 Qe6 11. Nd5 Qxe4 12. Nc7+ Kd7 13. Nxa8 Qxc4 14. Nb6+ axb6 15. Nc3 b5 16. Be3 Rd8 17. a3 Ke8 18. Rc1 b4 19. Qa4 Kf8 20. Rfd1 Qh4 21. f3 Bh6 22. Bxh6+ Qxh6 23. axb4 e5 24. Ra1 Qe3+ 25. Kh1 1/2-1/2

[Event "ST-2012-0-00101"]
[Site "LSS email"]
[Date "2012.08.25"]
[Round "?"]
[White "Bernal Varela, Nelson"]
[Black "Wurschner, Miroslav"]
[Result "1/2-1/2"]
[WhiteElo "2105"]
[BlackElo "2388"]
[PlyCount "44"]
[EventDate "2012.06.18"]
[EventType "tourn (corr)"]
[EventRounds "6"]
[EventCountry "GER"]
[SourceTitle "Telechess CBM 163"]
[Source "ChessBase"]
[SourceDate "2014.11.11"]
[SourceVersion "2"]
[SourceVersionDate "2014.11.11"]
[SourceQuality "1"]

1. e4 c5 2. Nf3 d6 3. d4 cxd4 4. Nxd4 Nf6 5. Nc3 a6 6. h3 g6 7. g4 Bg7 8. Bg2 0-0 9. Be3 Nc6 10. Qd2 Bd7 11. 0-0-0 Rc8 12. Kb1 b5 13. g5 b4 14. Nce2 Nh5 15. Bf3 Ne5 16. Bxh5 Nc4 17. Qd3 gxh5 18. Bc1 Ne5 19. Qg3 Qc7 20. f4 h4 21. Qb3 Nc6 22. f5 Nxd4 1/2-1/2

[Event "ST-2012-0-00102"]
[Site "LSS email"]
[Date "2012.08.25"]
[Round "?"]
[White "Wurschner, Miroslav"]
[Black "Muhl, Patrick"]
[Result "1-0"]
[WhiteElo "2387"]
[BlackElo "2354"]
[PlyCount "75"]
[EventDate "2012.08.03"]
[EventType "tourn (corr)"]
[EventRounds "6"]
[EventCountry "GER"]
[SourceTitle "Telechess CBM 161"]
[Source "ChessBase"]
[SourceDate "2014.07.16"]
[SourceVersion "1"]
[SourceVersionDate "2014.07.16"]
[SourceQuality "1"]

1. e4 c5 2. Nf3 d6 3. d4 cxd4 4. Nxd4 Nf6 5. Nc3 a6 6. f3 e5 7. Nb3 Be6 8. Be3 h5 9. Nd5 Bxd5 10. exd5 g6 11. Qd2 Nbd7 12. Be2 Bg7 13. 0-0 0-0 14. Na5 Qc7 15. c4 e4 16. f4 Ng4 17. Bxg4 hxg4 18. Rab1 b6 19. Nc6 Nb8 20. f5 Nxc6 21. dxc6 Qxc6 22. Qe2 g3 23. hxg3 d5 24. cxd5 Qxd5 25. f6 Bh8 26. g4 Qxa2 27. g5 Rfc8 28. Ra1 Qc4 29. Qxc4 Rxc4 30. Rf4 Rd8 31. Rh4 Rb4 32. Kf2 Rxb2+ 33. Kg3 Rb5 34. Rah1 Bxf6 35. gxf6 Rh5 36. Bxb6 Rxh4 37. Rxh4 Rd3+ 38. Kg4 1-0

[Event "ST-2012-0-00102"]
[Site "LSS email"]
[Date "2012.08.25"]
[Round "?"]
[White "Wurschner, Miroslav"]
[Black "Sidenko, Anatoly Viktorovich"]
[Result "1/2-1/2"]
[WhiteElo "2387"]
[BlackElo "2310"]
[PlyCount "49"]
[EventDate "2012.08.03"]
[EventType "tourn (corr)"]
[EventRounds "6"]
[EventCountry "GER"]
[SourceTitle "Telechess CBM 161"]
[Source "ChessBase"]
[SourceDate "2014.07.16"]
[SourceVersion "1"]
[SourceVersionDate "2014.07.16"]
[SourceQuality "1"]

1. e4 c5 2. Nf3 d6 3. d4 cxd4 4. Nxd4 Nf6 5. Nc3 a6 6. f3 e5 7. Nb3 Be6 8. Be3 Nbd7 9. g4 b5 10. g5 b4 11. Ne2 Ng8 12. h4 h6 13. gxh6 Nxh6 14. Bh3 Bxh3 15. Rxh3 Ng8 16. h5 Ngf6 17. h6 gxh6 18. Ng3 a5 19. Qd3 Qc8 20. Nf5 Qa6 21. Rd1 a4 22. Nc1 Qxd3 23. Rxd3 Ra6 24. Rh2 h5 25. c4 1/2-1/2

[Event "WC-2012-F-00001"]
[Site "LSS email"]
[Date "2012.07.11"]
[Round "?"]
[White "Perez, Brigiliano"]
[Black "Wurschner, Miroslav"]
[Result "1/2-1/2"]
[WhiteElo "2403"]
[BlackElo "2388"]
[PlyCount "73"]
[EventDate "2012.07.17"]
[EventType "tourn (corr)"]
[EventRounds "14"]
[EventCountry "GER"]
[SourceTitle "Telechess CBM 163"]
[Source "ChessBase"]
[SourceDate "2014.11.11"]
[SourceVersion "2"]
[SourceVersionDate "2014.11.11"]
[SourceQuality "1"]

1. d4 Nf6 2. c4 e6 3. Nf3 b6 4. g3 Bb7 5. Bg2 Be7 6. 0-0 0-0 7. Re1 Na6 8. Nc3 Ne4 9. Nxe4 Bxe4 10. Ne5 Bxg2 11. Kxg2 c5 12. d5 Bf6 13. Ng4 d6 14. Nxf6+ Qxf6 15. e4 Rae8 16. Bf4 e5 17. Bd2 Nb8 18. Qg4 Qd8 19. a4 a5 20. Re3 f6 21. h4 Qd7 22. Qxd7 Nxd7 23. g4 Rf7 24. Rg3 Kf8 25. Rh1 Ke7 26. Kf1 Rh8 27. Ke2 Rhf8 28. Rh2 Kd8 29. b3 Kc7 30. Kf3 Rd8 31. g5 fxg5+ 32. Ke2 gxh4 33. Rxh4 h6 34. f3 Rdf8 35. Rg6 Nf6 36. Bc1 Kb7 37. Rh1 1/2-1/2

[Event "WC-2012-F-00001"]
[Site "LSS email"]
[Date "2012.07.11"]
[Round "?"]
[White "Szczepanski, Zbigniew"]
[Black "Wurschner, Miroslav"]
[Result "1-0"]
[WhiteElo "2493"]
[BlackElo "2388"]
[PlyCount "105"]
[EventDate "2012.07.17"]
[EventType "tourn (corr)"]
[EventRounds "14"]
[EventCountry "GER"]
[SourceTitle "Telechess CBM 163"]
[Source "ChessBase"]
[SourceDate "2014.11.11"]
[SourceVersion "2"]
[SourceVersionDate "2014.11.11"]
[SourceQuality "1"]

1. e4 c5 2. Nf3 d6 3. d4 cxd4 4. Nxd4 Nf6 5. Nc3 a6 6. Be3 e5 7. Nb3 Be6 8. f3 Be7 9. Qd2 0-0 10. 0-0-0 Nbd7 11. g4 b5 12. g5 b4 13. Ne2 Ne8 14. f4 a5 15. f5 a4 16. Nbd4 exd4 17. Nxd4 b3 18. Kb1 bxc2+ 19. Nxc2 Bb3 20. axb3 axb3 21. Na3 Ne5 22. Qg2 Qb8 23. Bf4 Bd8 24. g6 Kh8 25. Bxe5 dxe5 26. Bc4 fxg6 27. fxg6 Be7 28. Rd3 Qa7 29. Rh3 h6 30. Rg1 Bb4 31. Bf7 Bd2 32. Rxb3 Bf4 33. Bd5 Rd8 34. Rd1 Nf6 35. Nc4 Qc5 36. Rc3 Qb5 37. h4 Qe8 38. Rcd3 Nxd5 39. exd5 Ra8 40. d6 Qa4 41. Na3 e4 42. Rd4 Qb3 43. Qc2 Rxa3 44. Qxb3 Rxb3 45. d7 Bc7 46. Rxe4 Rbb8 47. h5 Kg8 48. Kc2 Rbd8 49. b4 Bb6 50. Kc3 Bf2 51. Kc4 Bb6 52. Kb5 Rb8 53. Re8 1-0

[Event "WC-2012-F-00001"]
[Site "LSS email"]
[Date "2012.07.11"]
[Round "?"]
[White "Wurschner, Miroslav"]
[Black "Bergmann, Michael"]
[Result "1/2-1/2"]
[WhiteElo "2388"]
[BlackElo "2404"]
[PlyCount "47"]
[EventDate "2012.07.17"]
[EventType "tourn (corr)"]
[EventRounds "14"]
[EventCountry "GER"]
[SourceTitle "Telechess CBM 163"]
[Source "ChessBase"]
[SourceDate "2014.11.11"]
[SourceVersion "2"]
[SourceVersionDate "2014.11.11"]
[SourceQuality "1"]

1. e4 c5 2. Nf3 Nc6 3. d4 cxd4 4. Nxd4 Nf6 5. Nc3 e5 6. Ndb5 d6 7. Bg5 a6 8. Na3 b5 9. Nd5 Be7 10. Bxf6 Bxf6 11. c4 b4 12. Nc2 0-0 13. g3 Bg5 14. h4 Bh6 15. Bh3 Be6 16. Qd3 a5 17. Rd1 Ra7 18. Kf1 Rb7 19. b3 Nb8 20. Qf3 Nd7 21. Kg2 Nc5 22. Ne1 Rb8 23. h5 a4 24. Nd3 1/2-1/2

[Event "ST-2011-0-00093"]
[Site "LSS email"]
[Date "2012.03.16"]
[Round "?"]
[White "Wurschner, Miroslav"]
[Black "Szczepankiewicz, Dariusz"]
[Result "1/2-1/2"]
[WhiteElo "2387"]
[BlackElo "2464"]
[PlyCount "83"]
[EventDate "2011.12.22"]
[EventType "tourn (corr)"]
[EventRounds "6"]
[EventCountry "GER"]
[SourceTitle "Telechess CBM 161"]
[Source "ChessBase"]
[SourceDate "2014.07.16"]
[SourceVersion "1"]
[SourceVersionDate "2014.07.16"]
[SourceQuality "1"]

1. e4 c5 2. Nf3 d6 3. d4 cxd4 4. Nxd4 Nf6 5. Nc3 a6 6. f3 Qb6 7. Nb3 e6 8. Qe2 Qc7 9. Be3 b5 10. 0-0-0 Nbd7 11. a3 Nb6 12. g4 Be7 13. g5 Nfd7 14. f4 Bb7 15. Rg1 Na4 16. Bd2 Rc8 17. Rg3 Nac5 18. Nd4 0-0 19. b4 Rfe8 20. bxc5 dxc5 21. Nf3 c4 22. Nb1 a5 23. Bxa5 Qxa5 24. Rxd7 Bxa3+ 25. Nxa3 Qxa3+ 26. Kd2 Red8 27. Rxd8+ Rxd8+ 28. Ke1 Qc1+ 29. Kf2 g6 30. Rg2 Qxf4 31. Qe3 Qxe4 32. Qxe4 Bxe4 33. Ke3 Bxf3 34. Kxf3 Rd1 35. Rf2 Re1 36. Kf4 Kg7 37. Kg3 Rc1 38. Kg4 h6 39. h4 hxg5 40. hxg5 Re1 41. c3 Re3 42. Rf3 1/2-1/2

[Event "ST-2011-0-00093"]
[Site "LSS email"]
[Date "2012.03.15"]
[Round "?"]
[White "Baklanov, Valentin Petrovich"]
[Black "Wurschner, Miroslav"]
[Result "1/2-1/2"]
[WhiteElo "2318"]
[BlackElo "2387"]
[PlyCount "66"]
[EventDate "2011.12.22"]
[EventType "tourn (corr)"]
[EventRounds "6"]
[EventCountry "GER"]
[SourceTitle "Telechess CBM 161"]
[Source "ChessBase"]
[SourceDate "2014.07.16"]
[SourceVersion "1"]
[SourceVersionDate "2014.07.16"]
[SourceQuality "1"]

1. d4 Nf6 2. c4 e6 3. Nf3 d5 4. Nc3 c6 5. Bg5 h6 6. Bxf6 Qxf6 7. e3 Nd7 8. Bd3 dxc4 9. Bxc4 g6 10. 0-0 Bg7 11. Qc2 0-0 12. Ne4 Qe7 13. Bb3 e5 14. Ng3 Kh8 15. Rfe1 f5 16. Ne2 e4 17. Nd2 Kh7 18. Rac1 Nf6 19. a3 Bd7 20. Ba2 a5 21. Nf4 a4 22. Nc4 g5 23. Ne2 Be6 24. Nc3 Nd7 25. Red1 Bf7 26. Nd2 Bh5 27. Re1 b5 28. Bb1 Rac8 29. Ncxe4 fxe4 30. Qxe4+ Qxe4 31. Bxe4+ Bg6 32. Bxc6 Nf6 33. Bxb5 Rb8 1/2-1/2